| 000 | 00000nas 2200000za 4500 |
| 001 | 9.830687 |
| 003 | CaOODSP |
| 005 | 20221107145604 |
| 007 | cr ||||||||||| |
| 008 | 170117c20179999onc x m o||||f0 a0eng|d |
| 040 | |aCaOODSP|beng |
| 043 | |an-cn--- |
| 086 | 1 |aCS72-211E-PDF |
| 245 | 00|aInvestment income, RRSP contributions and charitable donations technical reference guide |h[electronic resource]. |
| 260 | |aOttawa : |bStatistics Canada,|c[2017]- |
| 310 | |aIrregular |
| 362 | 1 |a[Jan., 2017]- |
| 500 | |aAlso issued in French under title: Revenus de placements, contributions au REÉR et dons de charité guide de référence technique. |
| 692 | 07|2gccst|aInvestments |
| 692 | 07|2gccst|aDonations |
| 692 | 07|2gccst|aTaxes |
| 710 | 2 |aStatistics Canada. |
| 775 | 08|tRevenus de placements, contributions au REÉR et dons de charité guide de référence technique |w(CaOODSP)9.830691 |